| 000 | 00861nam a2200277 i 4500 | ||
|---|---|---|---|
| 001 | 132745 | ||
| 003 | ES-MaACL | ||
| 005 | 20250902055042.0 | ||
| 007 | t| | ||
| 008 | 070214s1985 sp r ||||1| spa d | ||
| 020 | _a84-01-33292-3 | ||
| 100 | 1 |
_aRosell, Juan ( _d1957-) _999687 |
|
| 245 | 1 | 0 |
_aCrear 80.000 empresarios / _cJuan Rosell Lastortras, Juan Torras, Joaquín Trigo. |
| 250 | _a1ª. ed. | ||
| 260 |
_aBarcelona : _bPlaza & Janés, _c1985. |
||
| 300 |
_a310 p. ; _c22 cm. |
||
| 490 | 1 | _aHombre y sociedad | |
| 504 | _aBibliografía: p. 293-310. | ||
| 650 | 7 |
_aLiberalismo económico _2embne _9135483 |
|
| 650 | 7 |
_aEmpresarios _2embne _9167223 |
|
| 700 | 1 |
_aTorras, Juan. _9110719 |
|
| 700 | 1 |
_aTrigo, Joaquín. _9111410 |
|
| 830 | 0 |
_aHombre y sociedad _9182556 |
|
| 852 |
_aES-MaACL _jC-3284 _bR.110781 |
||
| 999 |
_c132745 _d132745 |
||